|
|
|
|
| LEADER |
00000nam0a2200000 4500 |
| 001 |
364636 |
| 005 |
20231102011716.0 |
| 035 |
|
|
|a (RuTPU)RU\TPU\retro\21994
|
| 090 |
|
|
|a 364636
|
| 100 |
|
|
|a 20211123d1981 km y0rusy50 ca
|
| 101 |
0 |
|
|a rus
|
| 102 |
|
|
|a LV
|
| 105 |
|
|
|a a z 001zy
|
| 200 |
1 |
|
|a Физические свойства сегнетоэлектрических материалов
|e межвузовский сборник научных трудов
|f Латвийский государственный университет им. Петра Стучки ; под ред. В. Я. Фрицберга
|
| 210 |
|
|
|a Рига
|c Изд-во Латвийского гос. ун-та
|d 1981
|
| 215 |
|
|
|a 160 с.
|c ил.
|
| 320 |
|
|
|a Библиогр. в конце кн.
|
| 606 |
1 |
|
|a Сегнетоэлектрики
|x Фотоэлектрические свойства
|2 stltpush
|3 (RuTPU)RU\TPU\subj\54332
|9 72489
|
| 610 |
1 |
|
|a фазовые переходы
|
| 610 |
1 |
|
|a твердые растворы
|
| 610 |
1 |
|
|a электрооптические свойства
|
| 610 |
1 |
|
|a сегнетокерамика
|
| 610 |
1 |
|
|a рентгеноструктурные исследования
|
| 610 |
1 |
|
|a диэлектрическая проницаемость
|
| 610 |
1 |
|
|a упругие свойства
|
| 610 |
1 |
|
|a поляризационные свойства
|
| 675 |
|
|
|a 537.226.4
|v 4
|
| 702 |
|
1 |
|a Фрицберг
|b В. Я.
|4 340
|
| 712 |
0 |
2 |
|a Латвийский государственный университет им. Петра Стучки
|2 stltpush
|3 (RuTPU)RU\TPU\col\7102
|9 24292
|
| 801 |
|
1 |
|a RU
|b 63413507
|c 20211123
|
| 942 |
|
|
|c BK
|